000 00727nam a22002292 4500
001 0000005207
005 20151217151956.0
008 070608s xx 000 0 eng d
020 _a812032286X :
040 _aKABU
_cKABU
050 0 _aTK5105.875
_b.I57C66 2000
100 1 _aComer, Douglas E.
_@0000156314
245 1 4 _aThe Internet book :
_beverything you need to know about computer networking and how the internet works.
250 _a3rd ed.
260 _aNew Delhi :
_bPrentice-Hall of India,
_c2000.
300 _axxvi, 351 p.
650 0 _aInternet.
_@0000000969
650 0 _aWorld Wide Web.
_@0000154277
908 _a070608
950 _@1
999 _c6912
_d6912